Online
Catalog

La música y la poesía en cancioneros polifónicos del siglo xvii / (Record no. 38870)

MARC details
000 -CABECERA
campo de control de longitud fija 01019nam a2200241 a 4500
001 - NÚMERO DE CONTROL
campo de control 000039380
005 - FECHA Y HORA DE LA ÚLTIMA TRANSACCIÓN
campo de control 20201002031624.0
008 - DATOS DE LONGITUD FIJA--INFORMACIÓN GENERAL
campo de control de longitud fija 130625s2000 sp 000 0 spa d
020 ## - NÚMERO INTERNACIONAL ESTÁNDAR DEL LIBRO
Número Internacional Estándar del Libro 8400078853
040 ## - FUENTE DE LA CATALOGACIÓN
Centro catalogador/agencia de origen DO-SdBNP
Lengua de catalogación spa
Centro/agencia transcriptor BNPHU
245 03 - MENCIÓN DE TÍTULO
Título La música y la poesía en cancioneros polifónicos del siglo xvii /
Mención de responsabilidad, etc. edición a cargo Mariano Lambea, Lola José.
260 ## - PUBLICACIÓN, DISTRIBUCIÓN, ETC.
Lugar de publicación, distribución, etc. Barcelona :
Nombre del editor, distribuidor, etc. Consejo Superior de Investigación Científicas,
Fecha de publicación, distribución, etc. 2000.
300 ## - DESCRIPCIÓN FÍSICA
Extensión v. :
Otras características físicas il., mús. ;
Dimensiones 32 cm.
490 1# - MENCIÓN DE SERIE
Mención de serie Monumentos de la música española
Designación de volumen o secuencia 60
500 ## - NOTA GENERAL
Nota general La bibloteca posee el v. 1-2
500 ## - NOTA GENERAL
Nota general Incluye referencias bibliográficas y notas al pie de las páginas
504 ## - NOTA DE BIBLIOGRAFÍA, ETC.
Nota de bibliografía, etc. Textos a dos columnas
505 0# - NOTA DE CONTENIDO CON FORMATO
Información miscelánea v. 1
Título Libro de tonos humanos (1655-1656)
Nota de contenido con formato v. 2
Título Libro de tonos humanos (1655-1656)
700 1# - PUNTO DE ACCESO ADICIONAL--NOMBRE DE PERSONA
Nombre de persona Lambea, Mariano
Término indicativo de función/relación ed.
9 (RLIN) 65586
700 1# - PUNTO DE ACCESO ADICIONAL--NOMBRE DE PERSONA
Nombre de persona José, Lola
Término indicativo de función/relación ed.
9 (RLIN) 65587
710 2# - PUNTO DE ACCESO ADICIONAL--NOMBRE DE ENTIDAD CORPORATIVA
Nombre de entidad corporativa o nombre de jurisdicción como elemento de entrada Consejo Superior de Investigación Científicas
9 (RLIN) 63831
830 #0 - PUNTO DE ACCESO ADICIONAL DE SERIE-TÍTULO UNIFORME
Título uniforme Monumentos de la música española
Designación de volumen o secuencia 60
9 (RLIN) 65588
Holdings
Estado de retiro Estado de pérdida Restricciones de uso No para préstamo Código de colección Localización permanente Ubicación/localización actual Ubicación en estantería Fecha de adquisición Número de inventario Total de préstamos Signatura topográfica completa Código de barras Fecha visto por última vez Precio válido a partir de Tipo de ítem Koha
        Monografías: Libros y Folletos General General Orden iniciada 25.06.2013 LF1   39380-10 25.06.2020 25.06.2020 No se presta

Powered by Koha